000
00486nam a2200181Ia 4500
008
090124s9999 xx 000 0 und d
082
_b
121098
100
_a
मेहता शशिकला
245
_a
सोन गंधा
250
_a
2
260
_c
1985
300
_a
226
600
_a
मेहता शशिकला
630
_a
सोन गंधा
700
_a
मेहता शशिकला
730
_a
सोन गंधा
942
_c
BOOK
999
_c
167184
_d
167184